Liczba osób która zmarła na Titanicu według państw - Statystyki

Ogólne statystyki
  • Ten quiz został rozwiązany 60 razy
  • Średni wynik to 12 z 17
Statystyki odpowiedzi
Liczba zmarłych Odpowiedź % Poprawnych
6 Niemcy
96%
223 Wielka Brytania
96%
13 Francja
89%
1 Hiszpania
87%
60 Rosja
87%
18 Norwegia
79%
6 Włochy
79%
86 Szwecja
77%
4 Portugalia
75%
41 Austria(Węgry)
72%
9 Dania
70%
18 Belgia
68%
1 Holandia
66%
4 Grecja
60%
4 Szwajcaria
57%
6 Turcja
42%
33 Bułgaria
38%
Nie znaleziono quizów pasujących do podanych kryteriów
Rozkład punktacji
Procent ludzi z każdym wynikiem
Percentyl według liczby udzielonych odpowiedzi
Twoja historia wyników
Nie rozwiązałeś tego quizu